000 00634nam a2200241Ia 4500
003 OSt
005 20221007081506.0
006 a|||||r|||| 00| 0
007 ta
008 221006b |||||||| |||| 00| 0 eng d
024 _a18,120
037 _cTextual
040 _aFLL
_cFLL
_beng
041 _2eng
_aeng
082 _aZb4, J61;K2
100 _aPollack Ervin H.
_9697408
245 0 _aFundamentals of legal research
250 _a2nd
260 _aNew York
_bThe Foundation Press Inc. USA
_c1962
300 _a575p
_ccm.
942 _hZb4, J61;K2
_cTEXL
_2CC
999 _c1163229
_d1163229